| 000 | 01583nam0a2200325 i 4500 | ||
|---|---|---|---|
| 001 | RU\NLR\BIBL_A\010707176 | ||
| 005 | 20240921193212.0 | ||
| 010 |
_a9785948263793 _970 |
||
| 021 |
_aRU _b2015-8605 _9537 |
||
| 035 | _a(NILC)RuMoRGB-007869899 | ||
| 035 | _a(NLR Aleph) 010707176 | ||
| 090 |
_a9751367 _c9751367 |
||
| 100 | _a20150326d2013 km y0rusy50 ca | ||
| 101 | 0 | _arus | |
| 102 | _aRU | ||
| 105 | _aa z 000yy | ||
| 200 | 1 |
_aИнновационные модели развития финансового рынка региона (на примере Калининградской области) _fМ. А. Ходунова, В. Г. Грудинов _gФедеральное гос. бюджетное образовательное учреждение высш. проф. образования "Калининградский гос. технический ун-т" |
|
| 210 |
_aКалининград _cИзд-во ФГБОУ ВПО "КГТУ" _d2013 |
||
| 215 |
_a220, [1] с. _cил., табл. _d22 |
||
| 320 | _aБиблиогр.: с. 188-200 (166 назв.) | ||
| 606 | 1 |
_aРынки финансовые _yКалининградская область _92245773 _3RU\NLR\AUTH\6601578354 |
|
| 686 | 1 | _aУ26(2)229.5(2Р-4К) | |
| 700 | 1 |
_aХодунова _bМ. А. _gМария Андреевна |
|
| 701 | 1 |
_aГрудинов _bВ. Г. _gВиктор Григорьевич |
|
| 801 | 0 |
_aRU _bРГБ _c20150217 _gRCR |
|
| 801 | 1 |
_aRU _bРГБ _c20150217 _2rusmarc |
|
| 942 | _cBOOK | ||
| 980 | _aNBR | ||